Материалы Международной научной конференции "Сохранение традиционной культуры коренных малочисленных народов Севера и проблема устойчивого развития", г. Ханты-Мансийск, 23-26 июня 2003 г. (Запись № 1094442)

Подробности
000 -МАРКЕР
контрольное поле 03838nam0a2200445 4500
001 - ИДЕНТИФИКАТОР ЗАПИСИ
контрольное поле RU\NLR\bibl\797230
005 - ИДЕНТИФИКАТОР ВЕРСИИ
контрольное поле 20260407113054.0
021 ## - НОМЕР ГОСУДАРСТВЕННОЙ РЕГИСТРАЦИИ
Код страны Российская Федерация
Номер 2005-5740
Номер Листа государственной регистраци 290
035 ## - ДРУГИЕ СИСТЕМНЫЕ НОМЕРА
Идентификатор записи (NLR Aleph) 000786429
100 ## - ДАННЫЕ ОБЩЕЙ ОБРАБОТКИ
Данные общей обработки 20050511d2004 |||y0rusy50 ca
101 0# - ЯЗЫК РЕСУРСА
Язык текста, звукозаписи и т.д. русский
-- хантыйский
Язык резюме английский
102 ## - СТРАНА ПУБЛИКАЦИИ ИЛИ ПРОИЗВОДСТВА
Страна публикации Российская Федерация
105 ## - ПОЛЕ КОДИРОВАННЫХ ДАННЫХ: ТЕКСТОВЫЕ МАТЕРИАЛЫ, МОНОГРАФИЧЕСКИЕ
Кодированные данные о монографическом текстовом документе a |||||||||
200 1# - ЗАГЛАВИЕ И СВЕДЕНИЯ ОБ ОТВЕТСТВЕННОСТИ
Основное заглавие Материалы Международной научной конференции "Сохранение традиционной культуры коренных малочисленных народов Севера и проблема устойчивого развития", г. Ханты-Мансийск, 23-26 июня 2003 г.
Параллельное заглавие Materials of international scientific conference "Preservation of the traditional culture of the small-numbered peoples of the North and the problem of their stable development", Khanty-Mansiysk, 23-26 june 2003
Язык параллельного заглавия английский
210 ## - ПУБЛИКАЦИЯ, РАСПРОСТРАНЕНИЕ И ДР.
Место издания, распространения и т.д. Москва
Имя издателя, распространителя и т. д. Научно-исследовательский институт угроведения
Дата издания, распространения и т.д. 2004
215 ## - ФИЗИЧЕСКАЯ ХАРАКТЕРИСТИКА
Специфическое обозначение материала и объем 659, [1] с.
Размеры 21
300 ## - ОБЩИЕ ПРИМЕЧАНИЯ
Текст примечания На обл.: Сохранение традиционной культуры коренных малочисленных народов Севера и проблема устойчивого развития: материалы Международной научной конференции, г. Ханты-Мансийск, 23-26 июня 2003 г.
300 ## - ОБЩИЕ ПРИМЕЧАНИЯ
Текст примечания В надзаг.: ООН по вопр. образования, науки и культуры, Комис. РФ по делам ЮНЕСКО, Правительство Ханты-Мансийского автоном. округа [и др.]
300 ## - ОБЩИЕ ПРИМЕЧАНИЯ
Текст примечания Часть текста на хантыйск. яз.
300 ## - ОБЩИЕ ПРИМЕЧАНИЯ
Текст примечания Рез. на англ. яз.
320 ## - ПРИМЕЧАНИЯ О НАЛИЧИИ В ДОКУМЕНТЕ БИБЛИОГРАФИИ / УКАЗАТЕЛЯ
Текст примечания Библиогр. в конце ст.
510 0# - ПАРАЛЛЕЛЬНОЕ ЗАГЛАВИЕ
Параллельное заглавие Materials of international scientific conference "Preservation of the traditional culture of the small-numbered peoples of the North and the problem of their stable development", Khanty-Mansiysk, 23-26 june 2003
Язык заглавия английский
512 1# - ЗАГЛАВИЕ ОБЛОЖКИ
Заглавие обложки Сохранение традиционной культуры коренных малочисленных народов Севера и проблема устойчивого развития
Сведения, относящиеся к заглавию материалы Международной научной конференции, г. Ханты-Мансийск, 23-26 июня 2003 г.
606 1# - НАИМЕНОВАНИЕ ТЕМЫ КАК ПРЕДМЕТ
Наименование темы Народы Севера
Формальный подзаголовок Съезды, совещания и т.п.
Тематический подзаголовок История
Системный номер авторитетной/нормативной записи 1701279
Идентификатор авторитетной/нормативной записи RU\NLR\auth\66757334
606 1# - НАИМЕНОВАНИЕ ТЕМЫ КАК ПРЕДМЕТ
Наименование темы Языки народов Севера России
Формальный подзаголовок Сборники
Системный номер авторитетной/нормативной записи 2198101
Идентификатор авторитетной/нормативной записи RU\NLR\auth\661321009
606 1# - НАИМЕНОВАНИЕ ТЕМЫ КАК ПРЕДМЕТ
Наименование темы Языки народов Севера России
Формальный подзаголовок Съезды, совещания и т.п.
Системный номер авторитетной/нормативной записи 2198101
Идентификатор авторитетной/нормативной записи RU\NLR\auth\661321009
606 1# - НАИМЕНОВАНИЕ ТЕМЫ КАК ПРЕДМЕТ
Наименование темы Литература народов Севера Российской Федерации
Формальный подзаголовок Сборники
Системный номер авторитетной/нормативной записи 2252254
Идентификатор авторитетной/нормативной записи RU\NLR\auth\661350874
606 1# - НАИМЕНОВАНИЕ ТЕМЫ КАК ПРЕДМЕТ
Наименование темы Литература народов Севера Российской Федерации
Формальный подзаголовок Съезды, совещания и т.п.
Системный номер авторитетной/нормативной записи 2252254
Идентификатор авторитетной/нормативной записи RU\NLR\auth\661350874
686 ## - ИНДЕКСЫ ДРУГИХ КЛАССИФИКАЦИЙ
Индекс Т3(2Р1)я431
686 ## - ИНДЕКСЫ ДРУГИХ КЛАССИФИКАЦИЙ
Индекс Ш12/17(231)я431
686 ## - ИНДЕКСЫ ДРУГИХ КЛАССИФИКАЦИЙ
Индекс Ш12/17(251)я431
686 ## - ИНДЕКСЫ ДРУГИХ КЛАССИФИКАЦИЙ
Индекс Ш5(231)я431
710 12 - НАИМЕНОВАНИЕ ОРГАНИЗАЦИИ - ПЕРВИЧНАЯ ОТВЕТСТВЕННОСТЬ
Код отношения Автор
Начальный элемент ввода "Сохранение традиционной культуры коренных и малочисленных народов Севера и проблема устойчивого развития", международная научная конференция
Дата проведения временной организации 2003
Место проведения временной организации Ханты-Мансийск
Идентификатор авторитетной/нормативной записи RU\NLR\AUTH\8810065103
Системный номер авторитетной/нормативной записи 631780
801 #0 - ИСТОЧНИК ЗАПИСИ
Страна Российская Федерация
Организация NLR
Дата составления 20050511
Правила каталогизации PSBO
801 #1 - ИСТОЧНИК ЗАПИСИ
Страна Российская Федерация
Организация NLR
Дата составления 20050511
942 ## - ДОПОЛНИТЕЛЬНЫЕ ЭЛЕМЕНТЫ ЗАПИСИ (АБИС)
Тип экземпляра АБИС Книга
980 ## - КОЛЛЕКЦИЯ
Название коллекции Национальная библиография
Экземпляры
Тип экземпляра Дата поступления Источник поступления Библиотека постоянного хранения Библиотека текущего хранения Место хранения Шифр хранения Штрих-код Статус экземпляра
Книга 11.05.2005 Обязательный экземпляр РНБ (Московский) РНБ (Московский) Русский книжный фонд: издания с 1957 года 2005-3/13232 1-1486529  
Книга 11.05.2005 Обязательный экземпляр РНБ (Московский) РНБ (Московский) Русский книжный фонд: издания с 1957 года 2005-3/13232 914828